| 000 | 00689cam a2200229 4500 | ||
|---|---|---|---|
| 999 |
_c129207 _d129207 |
||
| 001 | 756777 | ||
| 003 | ARRUPE | ||
| 005 | 20190314095624.0 | ||
| 008 | 731001s1967 enk 000 1 eng | ||
| 010 | _a 67091405 | ||
| 015 | _aB67-6558 | ||
| 040 |
_aDLC _cDLC _dDLC |
||
| 043 | _ae-uk-en | ||
| 050 | 0 | 0 |
_aPZ1.D616 _bP4 |
| 245 | 1 | 4 |
_aThe Penguin book of English short stories. _bEdited by Christopher Dolley |
| 260 |
_aHarmondsworth, _bPenguin, _c1967. |
||
| 300 |
_a329 p. _c18 cm. |
||
| 650 | 0 |
_aShort stories, English. _945232 |
|
| 906 |
_a7 _bcbc _corignew _du _eopcn _f19 _gy-gencatlg |
||
| 942 |
_2lcc _cMONOGRAPH |
||